| 000 | 00767nam a2200253 i 4500 | ||
|---|---|---|---|
| 001 | bg | ||
| 100 | 1 | _aŚWIREPO, Leon | |
| 245 | 1 | 0 |
_aRosyjska korespondencja handlowa / _cLeon Świrepo. |
| 260 |
_aWarszawa : _bPolskie Wydawnictwo Ekonomiczne, _c1997. |
||
| 300 |
_a270, [2] s. ; _c21 cm. |
||
| 500 | _aTekst gł. ros. | ||
| 504 | _aBibliogr. s. [271]. | ||
| 650 | 9 | _aJęzyk rosyjski | |
| 650 | 9 | _aKorespondencja handlowa | |
| 655 | _aPodręczniki | ||
| 020 | _a8320810906 | ||
| 040 | _cBPK | ||
| 041 | 0 | _apolrus | |
| 080 | _a811.161.1:339.56:651](07) | ||
| 920 | _a83-208-1090-6 | ||
| 942 | _cKS | ||
| 008 | s pl f |000 0 pol | ||
| 856 |
_uhttp://koha.tu.koszalin.pl/cgi-bin/koha/opac-detail.pl?biblionumber=53114 _yKatalog online BPK |
||
| 999 |
_c53114 _d53114 |
||